00851cam a22002291 4500001001300000003000400013005001700017008004100034010001700075035002000092040004600112050002700158051002300185100003500208245007600243260004300319300004100362490005600403500005300459650004200512830006700554e 21000126 DLC20260227111212.0940411s1921 dcua f000 0 eng c ae 21000126  a(OCoLC)30115228 aLibrary, U.S. Bur. of EducationcIENdDLC00aL111b.A6 1920, no. 40 aS533b.W6cCopy 2.1 aWoodward, Carl Raymond,d1890-14aThe curriculum of the college of agriculturec[by] Carl R. Woodward ... aWashington,bGovt. Print. Off.,c1921. a86 p. incl. diagrs., tables.c23 cm.1 a[U.S.] Bureau of Education. Bulletin,v1920, no. 40 aAt head of title: Department of the Interior ... 0aAgricultural collegeszUnited States. 0aBulletin (United States. Bureau of Education) ;v1920, no. 40.